| 000 | 00428cam a2200169ua 4500 | ||
|---|---|---|---|
| 020 | _c5.00 | ||
| 041 |
_amal _h |
||
| 082 |
_a894.812301 _bRAH/VO |
||
| 100 | _aRahul, Sankrityayan . | ||
| 245 |
_aVolga muthal ganga vare / _cRahul Sankrityayan. _hTextual Documents |
||
| 260 |
_aThrissur : _bMangalodhayam pvt ltd , _c1965. |
||
| 300 | _a390 ; . | ||
| 365 | _a5.00 | ||
| 504 | _a | ||
| 942 | _cBK | ||
| 999 |
_c6552 _d6552 |
||